| 000 | 01408nam a22001937a 4500 | ||
|---|---|---|---|
| 999 |
_c121113 _d121113 |
||
| 001 | K121113 | ||
| 008 | 160218b2019 xxu||||| |||| 00| 0 eng d | ||
| 041 | _aeng | ||
| 110 | 2 | _aCity of London | |
| 245 | _aWind Microclimate Guidelines for Developments in the City of London | ||
| 260 | _c2019 | ||
| 520 | _aGeneral advice on wind microclimate studies required as part of the planning applications for new development proposals in the City of London. It focuses on the primary factors that affect the quality and consistency of wind microclimate studies and are the first definitive guidance on this topic in the UK. Good wind microclimate conditions are necessary for creating outstanding public spaces in the City. Adverse wind effects can reduce the quality and usability of outdoor areas. Developers are encouraged to address wind microclimate issues at an early stage in their plans by appointing experienced consultants, discussing with planning officers and commissioning early-stage studies to quantify the wind microclimate conditions. | ||
| 650 | _aWind | ||
| 650 | _aHealth and safety | ||
| 651 | _aUnited Kingdom 1973 | ||
| 690 |
_96259 _aPlanning and development |
||
| 856 |
_uhttps://www.cityoflondon.gov.uk/services/environment-and-planning/planning/design/Documents/city-of-london-wind-microclimate-guidelines.pdf _zView free of charge on www.cityoflondon.gov.uk |
||
| 942 | _n0 | ||